The village well and other stories (Record no. 140006)

MARC details
000 -LEADER
fixed length control field 00564nam a22001817a 4500
005 - DATE AND TIME OF LATEST TRANSACTION
control field 20170517120821.0
010 ## - LCCN (DPL NO)
LC control number ENG-118201
020 ## - INTERNATIONAL STANDARD BOOK NUMBER
International Standard Book Number 9788126051458
Terms of availability 180.00
035 ## - SYSTEM CONTROL NUMBER
System control number EN-101733
037 ## - SOURCE OF ACQUISITION
Source of stock number/acquisition DBAD/PUB
082 ## - DEWEY DECIMAL CLASSIFICATION NUMBER
Classification number S
100 ## - MAIN ENTRY--PERSONAL NAME
Personal name Enoch, Kolakaluri
245 ## - TITLE STATEMENT
Title The village well and other stories
Remainder of title Oorabavi, a collection of telugu short stories /
Statement of responsibility, etc by Kolakaluri Enoch
260 ## - PUBLICATION, DISTRIBUTION, ETC. (IMPRINT)
Place of publication, distribution, etc New Delhi
Name of publisher, distributor, etc Sahitya Akademi
Date of publication, distribution, etc 2016
270 ## - ADDRESS
Address Rabindra Bhavan,35, Phirozeshah Road, New Delhi-110001
300 ## - PHYSICAL DESCRIPTION
Extent 248p
Dimensions 22cm.(pbk)
942 ## - ADDED ENTRY ELEMENTS (KOHA)
Source of classification or shelving scheme Dewey Decimal Classification
Item type English Books
Classification part S
Call number suffix ENO
Holdings
Withdrawn status Lost status Not for loan Collection code Home library Current library Date acquired Source of acquisition Cost, normal purchase price Full call number Barcode Copy number Cost, replacement price Koha item type
      Fiction Shahdara Branch Shahdara Branch 17/05/2017 DBAD/PUB 180.00 S ENO EN-101733 1 180.00 English Books

© Delhi Public Library
Hit Counter
free hit counter